| 000 | 00540nam a2200193Ia 4500 | ||
|---|---|---|---|
| 003 | OSt | ||
| 005 | 20240928094223.0 | ||
| 008 | 210210b1970 xxu||||| |||| 00| 0 eng d | ||
| 040 | _cAL | ||
| 041 | _aHindi | ||
| 082 | _a863/30 | ||
| 100 |
_aGUPTA (Maithili Saran) _dमैथिलि सरन गुप्ता _9180640 |
||
| 245 |
_aChandrahas _bचन्द्रहासा |
||
| 260 |
_aChirganv _bSahitya Sadana _c1970 |
||
| 650 |
_aChandrahAs _9180641 |
||
| 690 |
_aHindi Drama _9180642 |
||
| 906 | _a023406 | ||
| 942 |
_2ddc _cBK |
||
| 999 |
_c148373 _d148373 |
||